Research Methods in Health:investigating health and health services (Record no. 6844)

MARC details
000 -LEADER
fixed length control field 00621nam a22002177a 4500
003 - CONTROL NUMBER IDENTIFIER
control field OSt
005 - DATE AND TIME OF LATEST TRANSACTION
control field 20210405145402.0
008 - FIXED-LENGTH DATA ELEMENTS--GENERAL INFORMATION
fixed length control field 210330b ||||| |||| 00| 0 eng d
020 ## - INTERNATIONAL STANDARD BOOK NUMBER
International Standard Book Number 9780335262748
040 ## - CATALOGING SOURCE
Transcribing agency DDC
082 ## - DEWEY DECIMAL CLASSIFICATION NUMBER
Classification number WA950 B67r 2014
100 ## - MAIN ENTRY--PERSONAL NAME
Personal name Bowling, Ann
9 (RLIN) 14027
245 ## - TITLE STATEMENT
Title Research Methods in Health:investigating health and health services
250 ## - EDITION STATEMENT
Edition statement 4th ed.
260 ## - PUBLICATION, DISTRIBUTION, ETC. (IMPRINT)
Name of publisher, distributor, etc. Open University Press, 2014
300 ## - PHYSICAL DESCRIPTION
Extent xix,512p; ill: 25cm
504 ## - BIBLIOGRAPHY, ETC. NOTE
Bibliography, etc Glossary, references, & index included
650 ## - SUBJECT ADDED ENTRY--TOPICAL TERM
Topical term or geographic name as entry element Medical research
9 (RLIN) 9881
650 ## - SUBJECT ADDED ENTRY--TOPICAL TERM
Topical term or geographic name as entry element Research statistics
9 (RLIN) 14038
942 ## - ADDED ENTRY ELEMENTS (KOHA)
Source of classification or shelving scheme Other/Generic Classification Scheme
Koha item type Open Shelf
Holdings
Withdrawn status Lost status Source of classification or shelving scheme Damaged status Not for loan Home library Current library Date acquired Source of acquisition Inventory number Total Checkouts Full call number Barcode Date last seen Koha item type Date last checked out
    Other/Generic Classification Scheme     MUST Main Library MUST Main Library 30/03/2021 Purchase 20/41202   WA900 B67r 2014 2021-0344 30/03/2021 Open Shelf  
    Other/Generic Classification Scheme     MUST Main Library MUST Main Library 30/03/2021 Purchase 20/41203   WA900 B67r 2014 2021-0345 30/03/2021 Open Shelf  
    Other/Generic Classification Scheme     MUST Main Library MUST Main Library 30/03/2021 Purchase 20/41204 2 WA900 B67r 2014 2021-0346 31/05/2024 Open Shelf 12/04/2024